000 00289nam a22001337a 4500
008 171201b xxu||||| |||| 00| 0 eng d
020 _a9781598635010
041 _aeng
080 _a78
100 _a45
101 _aMUZ
245 _aRECORDING ON THE GO
_cGOTTLIEB, G
942 _2udc
_cBK
999 _c38649
_d38649